Journal of patient safety and risk management

Detalles Bibliográficos
Título anterior:Clinical risk
Autor Corporativo: Action Against Medical Accidents
Formato: Electrónico Revista
Lenguaje:inglés
Publicado: [London] : SAGE Publications, [2018]-
Materias:
Acceso en línea:Full text available from Research Library: 11/01/2003 to 05/31/2006

MARC

LEADER 00000nas a2200000 i 4500
001 ssj0002013776
003 WaSeSS
005 20200512172242.0
006 m d
007 cr n
008 180521c20189999enk|| pos | 0eng
010 |a  2018243172 
022 |a 2516-0443  |l 2516-0435 
035 |a (WaSeSS)ssj0002013776 
040 |a DNLM  |c DNLM  |d WaSeSS 
042 |a pcc 
060 0 0 |a W1 
245 0 0 |a Journal of patient safety and risk management  |h [electronic resource]. 
260 |a [London] :  |b SAGE Publications,  |c [2018]- 
310 |a Bimonthly 
362 1 |a Began with Volume 23, Issue 1 (February 2018) 
506 |a License restrictions may limit access. 
588 |a Description based on: Volume 23, Issue 1 (February 2018); title from journal homepage (publisher's website, viewed June 4, 2018). 
588 |a Latest issue consulted: Volume 23, Issue 2 (April 2018) (viewed June 4, 2018). 
650 1 2 |a Patient Safety  |x legislation & jurisprudence  |0 https://id.nlm.nih.gov/mesh/D061214Q000331 
650 2 2 |a Malpractice  |x legislation & jurisprudence  |0 https://id.nlm.nih.gov/mesh/D008318Q000331 
650 2 2 |a Medical Errors  |x legislation & jurisprudence  |0 https://id.nlm.nih.gov/mesh/D019300Q000331 
650 2 2 |a Risk Management  |0 https://id.nlm.nih.gov/mesh/D012308 
651 2 |a United Kingdom  |0 https://id.nlm.nih.gov/mesh/D006113 
655 0 |a Electronic journals. 
710 2 |a Action Against Medical Accidents. 
780 0 0 |t Clinical risk  |x 1356-2622  |w (DLC)sn 95050282  |w (OCoLC)33933268 
856 4 0 |z Full text available from Research Library: 11/01/2003 to 05/31/2006  |u https://search.proquest.com/publication/45174